| 000 | 00952nam a2200217 a 4500 | ||
|---|---|---|---|
| 001 | 61479 | ||
| 003 | BD-RjUL | ||
| 005 | 20211209080953.0 | ||
| 008 | 170118s1955 bg ||||| |||| 00| 0 ben d | ||
| 035 | _a(BD-RjUL)61603 | ||
| 040 |
_aBD-RjUL _bben _cBD-RjUL |
||
| 041 | _aben | ||
| 082 |
_223 _a398.2 _bSUJ 1955 |
||
| 245 | 0 | 0 |
_aসূয্যি মামার রথে : _bজাতিসংঘের অন্তর্গত পাকিস্তান্সহ বিভিন্ন দেশের গল্প ও লোক-কাহিনী চয়নিকা / |
| 260 |
_aঢাকা : _bস্ট্যান্ডার্ড পাবলিকেশন্স, _c১৯৫৫ |
||
| 300 |
_a২৩৯ পৃ. ; _c১৭ সেমি. |
||
| 650 |
_aটেলস _9171326 |
||
| 650 |
_aTales _9175744 |
||
| 700 |
_aকুতল্যানডার, হ্যারল্ড, সম্পাদক _9183245 |
||
| 942 |
_2ddc _cBK |
||
| 999 |
_c61479 _d61479 |
||